Представление документа в формате RUSMARC

ПолеНазваниеЗначение
  Тип записи a
  Библиографический уровень m
001 Контрольный номер d68e1cb179c64844aac15cca9b893894
005 Дата корректировки 20141003150024.4
010 Индекс ISBN __
a ISBN 978-5-7749-0440-2
101 Язык документа 0_
a Язык текста rus
102 Страна публикации __
a Страна публикации RU
200 Заглавие и сведения об ответственности 1_
a Заглавие Логика речи
b Общее обозначение материала Текст
f Первые сведения об ответственности Е.Н. Зарецкая
210 Выходные данные 1_
a Место издания М.
c Издательство Дело
d Дата издания 2007
215 Физическое описание __
a Объем 424 с.
610 Ключевые слова 0_
a Ключевые слова логика речи
a Ключевые слова логические отношения
a Ключевые слова логические законы
a Ключевые слова логико-речевое доказательство в коммуникации
a Ключевые слова тезис
a Ключевые слова умозаключение в речи
686 Индексы других классификаций __
a Классификационный индекс 83.7
700 Автор _1
a Фамилия Зарецкая
b Имя Е.Н.
801 Источник записи _0
a Страна RU
b Организация РУК
g Правила каталогизации PSBO
801 Источник записи _1
a Страна RU
b Организация РУК
g Правила каталогизации PSBO
852 Данные о местонахождении __
i Авторский знак З-34
j Шифр хранения ББК 83.7
901 Тип документа __
t Тип документа m
937 Технологическая информация __
a Создатель записи (имя) ОрловаОВ
938 Служебная информация __
a Название организации Смоленский филиал